| 000 | 00846nam a2200241Ia 4500 | ||
|---|---|---|---|
| 003 | OSt | ||
| 005 | 20250801115407.0 | ||
| 008 | 191128s9999 xx 000 0 und d | ||
| 040 |
_aCO-JMCR _cCO-JMCR |
||
| 041 | _aspa | ||
| 082 |
_aA-C _bSINd |
||
| 100 |
_aSin, Liang, autor _94928 |
||
| 245 | 0 | _aDestacamento Rojo de mujeres / | |
| 245 | 0 | _cLiang Sin | |
| 260 | _aPekin | ||
| 260 | _bEdiciones en lenguas extranjeras | ||
| 260 | _c1966 | ||
| 300 | _a136 Páginas | ||
| 300 | _b Ilustraciones en blanco y negro | ||
| 300 | _c 13 cm. x 18 cm. | ||
| 520 | _aEl presente cuento relata cómo la esclava Chiung-jua escapó, llena de odio sangriento, de la mansión del despótico terrateniente Nan Pa-tien y como, bajo la ayuda de jung Chang-ching, uncuadro del ejército rojo, ingresó al movimiento revolucionario. | ||
| 942 |
_2ddc _cBK |
||
| 999 |
_c3705 _d3705 |
||